Na Terenie Jakiego Państwa Znajdują się te Miasta #4 - Statystyki

Ogólne statystyki
  • Ten quiz został rozwiązany 34 razy
  • Średni wynik to 13 z 20
Statystyki odpowiedzi
Miasto Kraj, w którym się znajduje % Poprawnych
Aarhus Dania
84%
Bielefeld Niemcy
84%
Santa Fe USA
84%
Banja Luka Bośnia i Hercegowina
81%
Czojbalsan Mongolia
78%
Ułan Ude Rosja
75%
Użhorod Ukraina
75%
Hobart Australia
72%
Braszów Rumunia
72%
Erzurum Turcja
72%
Sana Jemen
63%
St. John's Kanada
59%
Arequipa Peru
59%
Nawakszut Mauretania
56%
Vaasa Finlandia
53%
Mbabane Eswatini
47%
Parnawa Estonia
44%
Invercargill Nowa Zelandia
44%
Bariloche Argentyna
41%
Nemuro Japonia
34%
Nie znaleziono quizów pasujących do podanych kryteriów
Rozkład punktacji
Procent ludzi z każdym wynikiem
Percentyl według liczby udzielonych odpowiedzi
Twoja historia wyników
Nie rozwiązałeś tego quizu